[Event "European Blitz 2014"]
[Site "Wroclaw POL"]
[Date "2014.12.19"]
[Round "4.2"]
[White "Heberla, Bartlomiej"]
[Black "Bortnyk, Olexandr"]
[Result "0-1"]
[WhiteTitle "GM"]
[BlackTitle "IM"]
[WhiteElo "2561"]
[BlackElo "2533"]
[WhiteFideId "1115120"]
[BlackFideId "14120828"]
[EventDate "2014.12.19"]

1. c4 f5 2. g3 Nf6 3. Bg2 d6 4. Nf3 g6 5. O-O Bg7 6. Nc3 O-O 7. d3 e5 8. Rb1 c6
9. c5 Re8 10. cxd6 Qxd6 11. b4 Nd5 12. Bd2 e4 13. Nxd5 exf3 14. Bxf3 cxd5 15. b5
Be6 16. Qa4 Nd7 17. Rfc1 Bf7 18. Bb4 Qe6 19. Rc7 Ne5 20. Bg2 Ng4 21. Bf3 Qb6 0-1

[Event "European Blitz 2014"]
[Site "Wroclaw POL"]
[Date "2014.12.19"]
[Round "4.2"]
[White "Anton Guijarro, David"]
[Black "Tomczak, Jacek"]
[Result "0-1"]
[WhiteTitle "GM"]
[BlackTitle "GM"]
[WhiteElo "2608"]
[BlackElo "2561"]
[WhiteFideId "2285525"]
[BlackFideId "1124668"]
[EventDate "2014.12.19"]

1. e4 e6 2. d4 d5 3. Nd2 h6 4. Ngf3 Nf6 5. exd5 exd5 6. Bd3 Bd6 7. O-O O-O 8. c3
Nc6 9. Re1 Ne7 10. Qc2 Re8 11. Ne5 c5 12. dxc5 Bxc5 13. Ndf3 Nc6 14. Bf4 Be6 15.
Nxc6 bxc6 16. h3 Qc8 17. Nd4 Bb6 18. Qa4 Bd7 19. Ba6 c5 20. Qa3 Rxe1+ 21. Rxe1
Qf8 22. Nf3 Re8 23. Rxe8 Qxe8 24. Be3 Ne4 25. Bd3 c4 26. Bxe4 Qxe4 27. Bxb6 axb6
28. Qa8+ Kh7 29. Qf8 Be6 30. Kh2 Qf4+ 31. Kg1 Qc1+ 32. Kh2 Qxb2 33. Nd4 Qxc3 34.
Nxe6 Qe5+ 35. f4 Qxe6 36. Qb4 Qe4 0-1

[Event "European Blitz 2014"]
[Site "Wroclaw POL"]
[Date "2014.12.19"]
[Round "4.2"]
[White "Vallejo Pons, Francisco"]
[Black "Duda, Jan-Krzysztof"]
[Result "1-0"]
[WhiteTitle "GM"]
[BlackTitle "GM"]
[WhiteElo "2705"]
[BlackElo "2603"]
[WhiteFideId "2205530"]
[BlackFideId "1170546"]
[EventDate "2014.12.19"]

1. e4 c5 2. Ne2 d6 3. g3 Nf6 4. Bg2 e6 5. c3 Nc6 6. d4 d5 7. e5 Nd7 8. O-O cxd4
9. cxd4 Be7 10. Nbc3 b6 11. Nf4 Ba6 12. Re1 Rc8 13. h4 Bb4 14. Nh5 g6 15. Bg5
Be7 16. Bxe7 Nxe7 17. Nf4 Nf5 18. Bh3 Rc4 19. Bxf5 gxf5 20. Qh5 Nf8 21. Ncxd5
exd5 22. e6 Qf6 23. Nxd5 Qg6 24. exf7+ Kd7 25. Qf3 Ne6 26. Qa3 Rxd4 27. Qe7+ 1-0

[Event "European Blitz 2014"]
[Site "Wroclaw POL"]
[Date "2014.12.19"]
[Round "4.2"]
[White "Popov, Valerij"]
[Black "Grigoriants, Sergey"]
[Result "0-1"]
[WhiteTitle "GM"]
[BlackTitle "GM"]
[WhiteElo "2555"]
[BlackElo "2570"]
[WhiteFideId "4119410"]
[BlackFideId "4130804"]
[EventDate "2014.12.19"]

1. Nf3 Nf6 2. c4 b6 3. g3 c5 4. Bg2 Bb7 5. O-O g6 6. d4 cxd4 7. Qxd4 Bg7 8. Qh4
O-O 9. Bh6 d6 10. Bh3 Nbd7 11. Ng5 Nh5 12. Bxg7 Kxg7 13. Nd2 Nhf6 14. Qd4 Qc7
15. Nge4 Kg8 16. Bg2 Rac8 17. Rac1 Rfd8 18. Rfd1 Qb8 19. Nxf6+ Nxf6 20. Bxb7
Qxb7 21. e4 a6 22. b3 b5 23. Re1 Nd7 0-1

[Event "European Blitz 2014"]
[Site "Wroclaw POL"]
[Date "2014.12.19"]
[Round "4.2"]
[White "Volokitin, Andrei"]
[Black "Kosyrev, Vladimir"]
[Result "1/2-1/2"]
[WhiteTitle "GM"]
[BlackTitle "GM"]
[WhiteElo "2626"]
[BlackElo "2520"]
[WhiteFideId "14107090"]
[BlackFideId "4122259"]
[EventDate "2014.12.19"]

1. e4 e6 2. d4 d5 3. e5 c5 4. c3 Qb6 5. Nf3 Nc6 6. Na3 cxd4 7. cxd4 Bxa3 8. bxa3
Nge7 9. Qd3 Bd7 10. Be2 Rc8 11. O-O Na5 12. Rb1 Qc7 13. Bd2 Nc4 14. Bb4 Nc6 15.
Ng5 Nxb4 16. Rxb4 h6 17. Nh3 Nb6 18. Qg3 O-O 19. Nf4 f5 20. Qg6 Rf7 21. Nxe6 Qc6
22. Nf4 Qxg6 23. Nxg6 Rc2 24. Nf4 Rxa2 25. Bf3 Rxa3 26. e6 Bxe6 27. Nxe6 g5 28.
h3 Re7 29. Nc5 Kg7 30. Rfb1 Ra2 31. Nd3 Rd2 32. Ne5 Kf6 33. g3 Ra2 34. Bg2 Rd2
35. Bf3 Ra2 36. Nd3 Rd2 37. Ne5 Ra2 38. Rc1 Rd2 39. Rc5 Rxe5 40. dxe5+ Kxe5 41.
Rc1 Kd6 42. Rd1 Rc2 43. Rxb6+ axb6 44. Rxd5+ Kc7 45. Rxf5 Rc3 46. Kg2 Rc2 47.
Rf7+ Kd6 48. Rxb7 Rb2 49. Rh7 Ke5 50. Rxh6 1/2-1/2

[Event "European Blitz 2014"]
[Site "Wroclaw POL"]
[Date "2014.12.19"]
[Round "4.2"]
[White "Bologan, Viktor"]
[Black "Stocek, Jiri"]
[Result "1-0"]
[WhiteTitle "GM"]
[BlackTitle "GM"]
[WhiteElo "2643"]
[BlackElo "2554"]
[WhiteFideId "13900048"]
[BlackFideId "304760"]
[EventDate "2014.12.19"]

1. d4 Nf6 2. c4 c5 3. d5 b5 4. cxb5 a6 5. bxa6 g6 6. Nc3 Bg7 7. e4 O-O 8. a7
Rxa7 9. Nf3 Qa5 10. Bd2 Rb7 11. Rb1 d6 12. Be2 Bg4 13. O-O Nbd7 14. Qc2 Rfb8 15.
b3 Qa3 16. Bc1 Qa5 17. Nd2 Qxc3 18. Qxc3 Bxe2 19. Re1 Nxd5 20. Qh3 Nc3 21. Rb2
Ba6 22. Nf3 c4 23. Bh6 Bh8 24. Qh4 Nc5 25. Rd2 cxb3 26. axb3 Nxb3 27. Rb2 Nxe4
28. Rxb3 Rxb3 29. Qxe4 Bf6 30. Bg5 Bb7 31. Qh4 Bxf3 32. Bxf6 Rb1 33. Bc3 Rxe1+
34. Bxe1 Bc6 35. f3 f6 36. Qc4+ 1-0

[Event "European Blitz 2014"]
[Site "Wroclaw POL"]
[Date "2014.12.19"]
[Round "4.2"]
[White "Neiksans, Arturs"]
[Black "Piorun, Kacper"]
[Result "1-0"]
[WhiteTitle "GM"]
[BlackTitle "GM"]
[WhiteElo "2559"]
[BlackElo "2517"]
[WhiteFideId "11601388"]
[BlackFideId "1130420"]
[EventDate "2014.12.19"]

1. e4 d5 2. exd5 Qxd5 3. Nc3 Qd8 4. d4 c6 5. Nf3 Bg4 6. Be2 Nf6 7. h3 Bxf3 8.
Bxf3 e6 9. Ne4 Nxe4 10. Bxe4 Bd6 11. O-O Nd7 12. c4 Nf6 13. Bf3 O-O 14. Be3 h6
15. Qc2 Qe7 16. Rfe1 Bb4 17. Re2 Rfd8 18. Rd1 Qc7 19. g3 Bd6 20. Kg2 Rd7 21. a3
Rad8 22. b4 Nh7 23. h4 Nf6 24. Red2 a6 25. Qb2 b5 26. Rc2 bxc4 27. Rxc4 Nd5 28.
Qc1 Ne7 29. Bxc6 Nxc6 30. Rxc6 Qb7 31. Kg1 Be7 32. Qc4 Qb5 33. Qxb5 axb5 34. Rd3
Rd5 35. Rdc3 Bf6 36. R3c5 Bxd4 37. Bxd4 Rxd4 38. Rxb5 Rd2 39. Rc3 Ra2 40. Rb7
Ra8 41. Rf3 f6 42. Rd3 R8xa3 43. Rdd7 Rf3 44. Rxg7+ Kf8 45. Rgc7 Ra8 46. Rh7 Kg8
47. Rxh6 e5 48. Rg6+ Kf8 49. Rgg7 e4 50. Rgf7+ Kg8 51. Rfe7 f5 52. h5 e3 53.
Rxe3 Rxe3 54. fxe3 Ra2 55. Rb5 Re2 56. Rxf5 Rxe3 57. Kg2 Rb3 58. b5 Kg7 59. Kh3
Kh6 60. Kh4 Rb1 61. Rf6+ Kg7 62. Rb6 Rc1 63. g4 Rc5 64. Rb7+ Kf6 65. g5+ Kf5 66.
Rf7+ Ke6 67. Rf6+ Ke5 68. h6 1-0

[Event "European Blitz 2014"]
[Site "Wroclaw POL"]
[Date "2014.12.19"]
[Round "4.2"]
[White "Nagy, Gabor1"]
[Black "Moranda, Wojciech"]
[Result "1-0"]
[WhiteTitle "IM"]
[BlackTitle "GM"]
[WhiteElo "2422"]
[BlackElo "2591"]
[WhiteFideId "737119"]
[BlackFideId "1122401"]
[EventDate "2014.12.19"]

1. Nf3 Nf6 2. c4 g6 3. Nc3 Bg7 4. g3 O-O 5. Bg2 d6 6. O-O Nc6 7. d4 a6 8. Bf4
Bf5 9. Qd2 Ne4 10. Nxe4 Bxe4 11. d5 Bxf3 12. exf3 Nd4 13. Be3 c5 14. dxc6 Nxc6
15. Rac1 Rc8 16. f4 Qd7 17. Rfd1 Qf5 18. h4 Rfd8 19. Kh2 Qf6 20. b3 Qb2 21. Rc2
Qa3 22. Qe2 Re8 23. Rcd2 Bc3 24. Rd3 Bg7 25. Bh3 Rb8 26. h5 Qa5 27. Rd5 Qc7 28.
hxg6 hxg6 29. f5 Ne5 30. f4 e6 31. fxe6 fxe6 32. Rxd6 Nf7 33. Rd7 Qa5 34. Qg4
Qf5 35. Qf3 Ne5 36. Qe2 1-0

[Event "European Blitz 2014"]
[Site "Wroclaw POL"]
[Date "2014.12.19"]
[Round "5.1"]
[White "Kovalenko, Igor"]
[Black "Grigoriants, Sergey"]
[Result "0-1"]
[WhiteTitle "GM"]
[BlackTitle "GM"]
[WhiteElo "2653"]
[BlackElo "2570"]
[WhiteFideId "14117908"]
[BlackFideId "4130804"]
[EventDate "2014.12.19"]

1. d4 Nf6 2. c4 g6 3. Nc3 d5 4. Bf4 Bg7 5. e3 O-O 6. Rc1 Be6 7. c5 c6 8. Bd3 Bc8
9. Bg5 Nfd7 10. f4 Qe8 11. Bh4 b6 12. cxb6 axb6 13. Nf3 Nf6 14. Ne5 Ba6 15. O-O
Nfd7 16. Bxa6 Rxa6 17. Nd3 Ra8 18. Qb3 Bf6 19. Be1 e6 20. Ne2 Qd8 21. Bb4 Be7
22. a3 Re8 23. Rc2 Bxb4 24. axb4 Qe7 25. Rfc1 f6 26. b5 cxb5 27. Qxb5 Ra5 28.
Qb3 e5 29. dxe5 fxe5 30. fxe5 Nxe5 31. Rc7 Ned7 32. Ndf4 Qxe3+ 33. Qxe3 Rxe3 34.
Rc8+ Kg7 35. R1c7 Rc5 36. Kf2 Re4 37. Rxc5 bxc5 38. Nxd5 Na6 39. Ra8 Ndb8 40.
Ra7+ Kf8 41. Rxh7 Nc6 42. Nf6 Rb4 43. Kf3 Rb3+ 44. Kf4 Rxb2 45. Ng3 Nab4 46.
Nge4 0-1

[Event "European Blitz 2014"]
[Site "Wroclaw POL"]
[Date "2014.12.19"]
[Round "5.1"]
[White "Bologan, Viktor"]
[Black "Bortnyk, Olexandr"]
[Result "0-1"]
[WhiteTitle "GM"]
[BlackTitle "IM"]
[WhiteElo "2643"]
[BlackElo "2533"]
[WhiteFideId "13900048"]
[BlackFideId "14120828"]
[EventDate "2014.12.19"]

1. d4 d6 2. e4 Nf6 3. Bd3 e5 4. c3 Nc6 5. d5 Ne7 6. c4 Ng6 7. Ne2 Be7 8. Nbc3
Nh5 9. g3 Bg4 10. Qa4+ Kf8 11. h4 Bxh4 12. gxh4 Nxh4 13. Be3 Nf3+ 14. Kd1 g5 15.
c5 Nf4 16. Kc2 h5 17. Qb4 Kg7 18. Bxf4 exf4 19. Rad1 b6 20. cxd6 cxd6 21. Kb1 a5
22. Qb3 Ne5 23. Bb5 h4 24. Rdg1 Qf6 25. Qa4 h3 26. Nd4 Bf3 27. Nf5+ Kf8 28. Qa3
Rd8 29. Na4 Bxe4+ 0-1

[Event "European Blitz 2014"]
[Site "Wroclaw POL"]
[Date "2014.12.19"]
[Round "5.1"]
[White "Neiksans, Arturs"]
[Black "Inarkiev, Ernesto"]
[Result "1/2-1/2"]
[WhiteTitle "GM"]
[BlackTitle "GM"]
[WhiteElo "2559"]
[BlackElo "2680"]
[WhiteFideId "11601388"]
[BlackFideId "4162722"]
[EventDate "2014.12.19"]

1. e4 e5 2. Nf3 Nc6 3. Bb5 a6 4. Ba4 Nf6 5. O-O Be7 6. d3 d6 7. c4 O-O 8. Nc3
Bg4 9. Bxc6 bxc6 10. h3 Be6 11. b3 Nd7 12. d4 f6 13. Be3 Bf7 14. Qd2 Re8 15. Ne1
Nf8 16. f4 exd4 17. Bxd4 d5 18. exd5 cxd5 19. Nxd5 Bxd5 20. cxd5 Qxd5 21. Nf3
Rad8 22. Qc3 Ne6 23. Be3 Qe4 24. Nd2 Qd3 25. Qxd3 Rxd3 26. Nc4 Bc5 27. Bxc5 Nxc5
28. Rfe1 Kf7 29. Rxe8 Kxe8 30. Re1+ Kd7 31. Re2 Ne6 32. Rf2 Nd4 33. Kh2 h5 34.
g4 hxg4 35. hxg4 Ne6 36. Kg2 c5 37. Rf3 Rd1 38. Kg3 Rg1+ 39. Kh3 g5 40. Kh2 Rxg4
41. fxg5 Rh4+ 42. Kg3 fxg5 43. Rf7+ Kc6 44. Rf6 Re4 45. Kf3 Kd5 46. Ne3+ Kd4 47.
Nf5+ Kd3 48. Ng3 Nd4+ 49. Kg2 Rg4 50. Kf2 Rf4+ 51. Rxf4 gxf4 52. Nh5 f3 53. Nf6
Kc3 54. Ne4+ Kb4 55. Ke3 a5 56. Kd3 Nf5 57. Nd2 f2 58. Ke2 Nd4+ 59. Kxf2 Nb5 60.
Ke3 Nc3 61. Kd3 Nxa2 62. Kc2 Nc3 63. Nf1 Ne2 64. Kb2 Nd4 65. Nd2 Nf5 66. Nb1 Ne3
67. Nc3 Ng4 68. Nd5+ Kb5 69. Nc3+ Kc6 70. Ka3 Ne3 71. Ka4 Kb6 72. Ka3 Nf5 73.
Nd5+ Kc6 74. Nc3 Ne7 75. Ka4 Kb6 76. Ka3 Nc6 77. Nd5+ Kb5 78. Nc3+ Ka6 79. Ka4
Nb4 80. Ne4 Nd3 81. Ka3 Kb6 82. Nd6 Nb4 83. Nc4+ Kb5 84. Nd6+ Ka6 85. Ka4 Nd5
86. Ka3 Nb6 87. Ne4 Kb5 88. Nc3+ Kc6 89. Kb2 Kd6 90. Ne4+ Kd5 91. Nc3+ Kd4 92.
Nb5+ Kd3 93. Nd6 Kd4 94. Nb7 a4 95. Nxc5 Kxc5 1/2-1/2

[Event "European Blitz 2014"]
[Site "Wroclaw POL"]
[Date "2014.12.19"]
[Round "5.1"]
[White "Korobov, Anton"]
[Black "Belous, Vladimir"]
[Result "0-1"]
[WhiteTitle "GM"]
[BlackTitle "GM"]
[WhiteElo "2693"]
[BlackElo "2578"]
[WhiteFideId "14105730"]
[BlackFideId "4174003"]
[EventDate "2014.12.19"]

1. d4 Nf6 2. c4 g6 3. Nc3 d5 4. cxd5 Nxd5 5. e4 Nxc3 6. bxc3 Bg7 7. Nf3 c5 8.
Be3 O-O 9. Be2 cxd4 10. cxd4 Qa5+ 11. Bd2 Qd8 12. Rc1 Bg4 13. d5 e6 14. h3 Bxf3
15. Bxf3 exd5 16. exd5 Re8+ 17. Be3 Bh6 18. O-O Rxe3 19. fxe3 Bxe3+ 20. Kh1 Bxc1
21. Qxc1 Nd7 22. d6 Rc8 23. Qf4 Rc5 24. Bd5 Nf6 25. Be4 Rc4 26. Qg5 Kg7 27. Bxb7
Qxd6 28. Bf3 h6 29. Qe3 Qd4 30. Qe7 Qc5 31. Qb7 Rc1 32. Rxc1 Qxc1+ 33. Kh2 Qf4+
34. Kh1 Qc1+ 35. Kh2 Qc5 36. a4 a5 37. Qb5 Qc3 38. Kg3 Ne4+ 39. Kf4 Nf6 40. g4
g5+ 41. Kg3 Ne4+ 42. Kg2 Qd2+ 43. Qe2 Qxe2+ 44. Bxe2 Nc3 45. Bb5 Kf6 46. Bc6 Ke5
47. Kf3 Kd6 48. Be8 f6 49. Ke3 Kc5 50. Kd3 Kb4 51. Kd4 Nxa4 52. Ke4 Nc3+ 53. Kf5
Nd5 54. Bf7 Kc5 55. Be8 Kd6 56. Kg6 Ke7 57. Bc6 Nf4+ 58. Kxh6 Nxh3 0-1

[Event "European Blitz 2014"]
[Site "Wroclaw POL"]
[Date "2014.12.19"]
[Round "5.1"]
[White "Volokitin, Andrei"]
[Black "Savchenko, Boris"]
[Result "0-1"]
[WhiteTitle "GM"]
[BlackTitle "GM"]
[WhiteElo "2626"]
[BlackElo "2599"]
[WhiteFideId "14107090"]
[BlackFideId "4147332"]
[EventDate "2014.12.19"]

1. e4 e6 2. d4 d5 3. e5 c5 4. c3 Bd7 5. Nf3 Qb6 6. Bd3 cxd4 7. Nxd4 Nc6 8. Nxc6
Bxc6 9. O-O Ne7 10. Qe2 Ng6 11. g3 h5 12. Nd2 h4 13. Bxg6 fxg6 14. Qg4 Kd7 15.
gxh4 Be7 16. Nf3 Bb5 17. Be3 Qa6 18. Rfd1 Bd3 19. Rxd3 Qxd3 20. Nd4 Qa6 21. Bg5
Bc5 22. Rd1 Rae8 23. Nb3 Qc6 24. c4 d4 25. Nxd4 Bxd4 26. Rxd4+ Kc7 27. Rd6 Qa4
28. Qd4 Kb8 29. a3 Rc8 30. Rd7 Qxc4 31. Qd6+ Ka8 32. Rxg7 Rhd8 33. Qe7 Rd1+ 0-1

[Event "European Blitz 2014"]
[Site "Wroclaw POL"]
[Date "2014.12.19"]
[Round "5.1"]
[White "Vitiugov, Nikita"]
[Black "Dragun, Kamil"]
[Result "0-1"]
[WhiteTitle "GM"]
[BlackTitle "GM"]
[WhiteElo "2738"]
[BlackElo "2547"]
[WhiteFideId "4152956"]
[BlackFideId "1134167"]
[EventDate "2014.12.19"]

1. d4 Nf6 2. Bg5 e6 3. Nd2 h6 4. Bh4 d5 5. e3 c5 6. c3 Nc6 7. Bd3 Bd6 8. Ngf3
O-O 9. Qe2 e5 10. dxc5 Bxc5 11. e4 d4 12. O-O dxc3 13. bxc3 Be7 14. Bg3 Bg4 15.
h3 Bh5 16. Nc4 Nd7 17. Ne3 Nc5 18. Bc2 Ne6 19. Rfd1 Qa5 20. Nd5 Bc5 21. Bh2 Ng5
22. Rab1 Bxf3 23. gxf3 Nxh3+ 24. Kg2 Ng5 25. Rb5 Qa3 26. Rxb7 Rad8 27. Bb3 Rd6
28. f4 exf4 29. Bxf4 Rg6 30. Bg3 Ne6 31. Qc4 Ne5 32. Qa4 Qb2 33. Ne7+ Bxe7 34.
Rxe7 Nf4+ 35. Kh1 Rxg3 0-1

[Event "European Blitz 2014"]
[Site "Wroclaw POL"]
[Date "2014.12.19"]
[Round "5.1"]
[White "Cyborowski, Lukasz"]
[Black "Shimanov, Aleksandr"]
[Result "0-1"]
[WhiteTitle "GM"]
[BlackTitle "GM"]
[WhiteElo "2518"]
[BlackElo "2591"]
[WhiteFideId "1108760"]
[BlackFideId "4198603"]
[EventDate "2014.12.19"]

1. Nf3 Nf6 2. d4 g6 3. Nbd2 Bg7 4. e4 d6 5. Bd3 O-O 6. O-O Nc6 7. c3 e5 8. Re1
h6 9. a4 a6 10. a5 Bd7 11. Bf1 Re8 12. d5 Ne7 13. c4 Nh7 14. b4 f5 15. c5 Nf6
16. cxd6 cxd6 17. exf5 Nxf5 18. Bb2 Nxd5 19. Ne4 Be6 20. Bc4 Nf4 21. Bxe6+ Nxe6
22. Qd5 Qe7 23. b5 axb5 24. Ba3 Ra6 25. Qxb5 Rea8 26. Bb4 Kh7 27. Rad1 Rd8 28.
h4 Qf7 29. Qd5 Kg8 30. g3 Ned4 31. Nxd4 Qxd5 32. Nxf5 Qxd1 33. Ne7+ Kf7 34. Rxd1
Kxe7 35. Nc3 Ke6 36. Nb5 Rd7 37. Rc1 Rc6 38. Re1 Rc4 39. Ba3 d5 40. Rb1 d4 41.
Kf1 d3 42. Ke1 e4 43. Kd2 h5 44. Bb2 Rc2+ 0-1

[Event "European Blitz 2014"]
[Site "Wroclaw POL"]
[Date "2014.12.19"]
[Round "5.1"]
[White "Anton Guijarro, David"]
[Black "Duda, Jan-Krzysztof"]
[Result "1-0"]
[WhiteTitle "GM"]
[BlackTitle "GM"]
[WhiteElo "2608"]
[BlackElo "2603"]
[WhiteFideId "2285525"]
[BlackFideId "1170546"]
[EventDate "2014.12.19"]

1. e4 c5 2. Nc3 d6 3. f4 g6 4. Nf3 Bg7 5. Bb5+ Bd7 6. Bc4 Nc6 7. d3 Na5 8. Bd2
Nxc4 9. dxc4 Bc6 10. Qe2 e6 11. h4 Nf6 12. O-O-O Qe7 13. e5 Nd7 14. Ne4 dxe5 15.
fxe5 O-O-O 16. Bg5 f6 17. Rxd7 Qxd7 18. exf6 Bf8 19. Bf4 Bxe4 20. Qxe4 Bd6 21.
Bd2 Rhf8 22. Bc3 e5 23. Nxe5 Bxe5 24. Qxe5 Qc6 25. b3 Rde8 26. Qg3 Re4 27. Rd1
Rd8 28. Rxd8+ Kxd8 29. Qb8+ Qc8 30. Qd6+ Ke8 31. Qd5 Re6 32. g4 Qc6 33. Qd2 Qe4
34. Kb2 Qxg4 35. Qh6 Qf5 36. Qg7 Re2 37. Ka3 Qxc2 38. f7+ 1-0

[Event "European Blitz 2014"]
[Site "Wroclaw POL"]
[Date "2014.12.19"]
[Round "5.1"]
[White "Jussupow, Artur"]
[Black "Fedorchuk, Sergey A."]
[Result "0-1"]
[WhiteTitle "GM"]
[BlackTitle "GM"]
[WhiteElo "2582"]
[BlackElo "2669"]
[WhiteFideId "4618777"]
[BlackFideId "14102536"]
[EventDate "2014.12.19"]

1. d4 Nf6 2. Nf3 e6 3. e3 b6 4. Bd3 Bb7 5. O-O Be7 6. c4 O-O 7. Nc3 d5 8. cxd5
exd5 9. Ne5 c5 10. f4 Nc6 11. Qf3 cxd4 12. Nxc6 Bxc6 13. exd4 Re8 14. f5 Ne4 15.
Bf4 Bf6 16. Ne2 Qd7 17. g4 h6 18. Rad1 Bb5 19. Be5 Bxd3 20. Qxd3 Bxe5 21. dxe5
Rxe5 22. Nf4 Nf6 23. h3 Rae8 24. b3 Qd6 25. Kg2 Re3 26. Qb5 R8e4 27. Rxd5 Nxd5
28. Qxd5 Re2+ 29. Kg1 Qxd5 30. Nxd5 Rd4 31. Nc3 Re3 32. Rc1 Rd2 33. a4 Rg3+ 34.
Kf1 Rxh3 35. Ne2 Rh1+ 36. Ng1 Rd4 37. Kg2 Rh4 38. Rc8+ Kh7 39. Nf3 Rhxg4+ 40.
Kh3 Rdf4 41. Ne5 Rg5 42. Nxf7 Rgxf5 43. Rh8+ Kg6 44. Nd6 Rf6 45. Rd8 Rd4 0-1

[Event "European Blitz 2014"]
[Site "Wroclaw POL"]
[Date "2014.12.19"]
[Round "5.1"]
[White "Tomczak, Jacek"]
[Black "Chigaev, Maksim"]
[Result "0-1"]
[WhiteTitle "GM"]
[BlackTitle "IM"]
[WhiteElo "2561"]
[BlackElo "2494"]
[WhiteFideId "1124668"]
[BlackFideId "4108116"]
[EventDate "2014.12.19"]

1. e4 d5 2. exd5 Qxd5 3. Nc3 Qd8 4. d4 Nf6 5. Bc4 c6 6. Bg5 Bf5 7. Nge2 e6 8.
Ng3 Be7 9. Nxf5 exf5 10. Qd3 O-O 11. O-O Nd5 12. Bxe7 Nxe7 13. d5 cxd5 14. Nxd5
Nbc6 15. Nxe7+ Nxe7 16. Qxd8 Rfxd8 17. Rad1 Kf8 18. f3 g6 19. Kf2 Nc6 20. c3 Ne5
21. Be2 Ke7 22. f4 Nd7 23. Rfe1 Nc5 24. Bd3+ Kf6 25. Bc2 b6 26. g3 h5 27. b4 Ne6
28. Rxd8 Rxd8 29. Ke3 h4 30. Rd1 Rh8 31. Rd7 a5 32. Bb3 hxg3 33. hxg3 Rh3 34.
Kf3 g5 35. Kg2 Rh8 36. fxg5+ Nxg5 37. Rd6+ Ke5 38. Rxb6 axb4 39. cxb4 Rd8 40.
Rb5+ Kf6 41. Rd5 Re8 42. Rd2 Re3 43. b5 Ne4 44. b6 Nxd2 45. Ba4 Re6 0-1

[Event "European Blitz 2014"]
[Site "Wroclaw POL"]
[Date "2014.12.19"]
[Round "5.2"]
[White "Grigoriants, Sergey"]
[Black "Kovalenko, Igor"]
[Result "1-0"]
[WhiteTitle "GM"]
[BlackTitle "GM"]
[WhiteElo "2570"]
[BlackElo "2653"]
[WhiteFideId "4130804"]
[BlackFideId "14117908"]
[EventDate "2014.12.19"]

1. Nf3 Nf6 2. c4 b6 3. g3 c5 4. Bg2 Bb7 5. O-O g6 6. b3 Bg7 7. Bb2 O-O 8. d3 Nc6
9. Nbd2 d5 10. cxd5 Nxd5 11. Bxg7 Kxg7 12. a3 Rb8 13. e3 e6 14. Qc2 Qe7 15. Rac1
Rfd8 16. Rfd1 f6 17. Qb2 e5 18. Nc4 Re8 19. Nfd2 Rbd8 20. Ne4 f5 21. Nc3 Nf6 22.
b4 cxb4 23. axb4 h5 24. b5 Nb8 25. Qa3 Qxa3 26. Nxa3 Bxg2 27. Kxg2 Nbd7 28. Nc4
Nc5 29. Ra1 Re7 30. d4 exd4 31. Rxd4 Rxd4 32. exd4 Nb3 33. Rd1 Rc7 34. Rb1 Nxd4
35. Rb4 Ne6 36. Ne2 Ne4 37. f3 N4c5 38. Ne5 Kf6 39. f4 Ne4 40. Nd4 g5 41. Nxe6
Rc2+ 42. Kg1 Kxe6 43. Nf3 Rc1+ 44. Kg2 gxf4 45. gxf4 Nc5 46. Rd4 Rc2+ 47. Kg3
Ne4+ 48. Rxe4+ fxe4 49. Nd4+ Kd5 50. Nxc2 Kc4 51. f5 Kd5 52. Kf4 1-0

[Event "European Blitz 2014"]
[Site "Wroclaw POL"]
[Date "2014.12.19"]
[Round "5.2"]
[White "Bortnyk, Olexandr"]
[Black "Bologan, Viktor"]
[Result "1-0"]
[WhiteTitle "IM"]
[BlackTitle "GM"]
[WhiteElo "2533"]
[BlackElo "2643"]
[WhiteFideId "14120828"]
[BlackFideId "13900048"]
[EventDate "2014.12.19"]

1. e4 g6 2. h4 d5 3. exd5 Nf6 4. Nc3 Bg7 5. d4 Nxd5 6. h5 Nc6 7. Bb5 Qd6 8. h6
Bf6 9. Nge2 Bg4 10. f3 Bd7 11. Nxd5 Qxd5 12. c4 Qd6 13. Bf4 Qb4+ 14. Kf1 e6 15.
a3 Qe7 16. Bxc7 O-O 17. c5 Rfc8 18. Bd6 Qe8 19. Qd2 Ne7 20. Bc4 Nf5 21. Bf4 Bb5
22. Bxb5 Qxb5 23. Kf2 Rd8 24. Be3 Rd7 25. Nc3 Qc4 26. Ne4 Bxd4 27. Bxd4 Rxd4 28.
Qc3 Rxe4 29. fxe4 Qxe4 30. Rh3 Nxh6 31. Re1 Ng4+ 32. Kg3 Qf5 33. Qf3 Rd8 34.
Qxf5 gxf5 35. Rhh1 Rd2 36. Rd1 Rxb2 37. Rb1 Ra2 38. Rxb7 Rxa3+ 39. Kf4 Kg7 40.
Rhb1 Kg6 41. R7b3 Ra2 42. Rc3 Rxg2 43. c6 e5+ 44. Kf3 Rf2+ 45. Kg3 Kg5 46. Rh1
f4+ 47. Kh3 Rd2 48. c7 Nf2+ 49. Kg2 Nxh1+ 50. Kxh1 Rd1+ 51. Kg2 Re1 1-0

[Event "European Blitz 2014"]
[Site "Wroclaw POL"]
[Date "2014.12.19"]
[Round "5.2"]
[White "Inarkiev, Ernesto"]
[Black "Neiksans, Arturs"]
[Result "1-0"]
[WhiteTitle "GM"]
[BlackTitle "GM"]
[WhiteElo "2680"]
[BlackElo "2559"]
[WhiteFideId "4162722"]
[BlackFideId "11601388"]
[EventDate "2014.12.19"]

1. d4 f5 2. g3 Nf6 3. Bg2 g6 4. Nd2 Bg7 5. e4 fxe4 6. Nxe4 Nc6 7. Nxf6+ exf6 8.
d5 Qe7+ 9. Ne2 Ne5 10. d6 Qxd6 11. Qxd6 cxd6 12. Nc3 Rb8 13. Be3 b6 14. O-O-O
Bb7 15. Bxb7 Rxb7 16. Nb5 Nf7 17. Bf4 O-O 18. Rhe1 a6 19. Nxd6 Nxd6 20. Rxd6 Kf7
21. Red1 Ke7 22. Be3 Rfb8 23. a4 f5 24. Bg5+ Ke8 25. h4 Bf8 26. Rf6 d6 27. h5
gxh5 28. Rxf5 b5 29. a5 Rc8 30. Bf4 Rc5 31. Rxf8+ 1-0

[Event "European Blitz 2014"]
[Site "Wroclaw POL"]
[Date "2014.12.19"]
[Round "5.2"]
[White "Belous, Vladimir"]
[Black "Korobov, Anton"]
[Result "0-1"]
[WhiteTitle "GM"]
[BlackTitle "GM"]
[WhiteElo "2578"]
[BlackElo "2693"]
[WhiteFideId "4174003"]
[BlackFideId "14105730"]
[EventDate "2014.12.19"]

1. Nf3 Nf6 2. c4 g6 3. Nc3 Bg7 4. e4 d6 5. d4 O-O 6. h3 e5 7. d5 a5 8. Be3 Na6
9. Be2 Nd7 10. g4 Ndc5 11. Qd2 Bd7 12. Rg1 Kh8 13. h4 f5 14. Bg5 fxe4 15. Bxd8
exf3 16. Bg5 fxe2 17. Qxe2 e4 18. O-O-O Nd3+ 19. Rxd3 exd3 20. Qxd3 Nc5 21. Qd1
Rxf2 22. Be3 Rh2 23. Bd4 Rf8 24. Kb1 a4 25. h5 Kg8 26. hxg6 hxg6 27. Bxg7 Kxg7
28. Rh1 Rxh1 29. Qxh1 Bxg4 30. Qg1 Bf5+ 31. Kc1 Nd3+ 32. Kd2 Ne5 0-1

[Event "European Blitz 2014"]
[Site "Wroclaw POL"]
[Date "2014.12.19"]
[Round "5.2"]
[White "Savchenko, Boris"]
[Black "Volokitin, Andrei"]
[Result "0-1"]
[WhiteTitle "GM"]
[BlackTitle "GM"]
[WhiteElo "2599"]
[BlackElo "2626"]
[WhiteFideId "4147332"]
[BlackFideId "14107090"]
[EventDate "2014.12.19"]

1. e4 c5 2. Nf3 e6 3. c3 d5 4. e5 d4 5. Bd3 Nc6 6. O-O Nge7 7. a3 Ng6 8. Re1 Qc7
9. cxd4 cxd4 10. Qc2 Bd7 11. b4 Rc8 12. Bxg6 hxg6 13. Qe4 Nxb4 14. axb4 Qxc1 15.
Rxc1 Rxc1+ 16. Ne1 Bc6 17. Qe2 Bxb4 18. Rxa7 d3 19. Qf1 O-O 20. Ra3 Rxb1 21.
Rxd3 Bb5 22. g3 Bxd3 23. Qxd3 Rxe1+ 24. Kg2 Bc5 25. Qc3 Ba7 26. Qb4 Rxe5 27.
Qxb7 Bd4 28. Qc7 Rd5 0-1